000 00540nam a2200229Ia 4500
003 OSt
005 20220918202214.0
006 a|||||r|||| 00| 0
007 ta
008 220917b |||||||| |||| 00| 0 eng d
024 _a99,517
037 _cTextual
040 _aARTS
_cARTS
_beng
041 _2eng
_aeng
082 _aV2:4wL26, F2
100 _aWylly
_9102726
245 0 _aLife of Sir Eyre Coote
260 _c1922
650 _aHISTORY
942 _hV2:4wL26, F2
_cTEXL
_2CC
999 _c223093
_d223093